• 首页
  • 本馆介绍
  • 公告通知
  • 最新文献
  • 馆藏检索
  • 电子资源
  • 读者导购
  • 参考咨询
  • 我的图书馆
  • 登录
  • 详细信息显示
  • 放入我的书架
  • 预约/预借图书
  • 作者相关作品
  • 分类相关作品
  • 丛书相关作品
  • 出版社相关作品

书目信息

  • 表格格式
  • 工作单格式
  • 卡片格式
题名:
FPGA/CPLD系统设计与应用开发
    
 
作者: 周淑阁 主编
分册:  
出版信息: 北京   电子工业出版社  2011
页数: 234页
开本: 26cm
丛书名:
单 册:
中图分类: TP331.2 , TP211
科图分类:
主题词: 现场可编程门阵列 , 可编程序逻辑阵列
电子资源:
ISBN: 978-7-121-13623-8
000 00961nam0 2200265 450
001 2374676028
005 20231128204451.16
010    @a978-7-121-13623-8@dCNY29.50
100    @a20111015d2011 em y0chiy50 ea
101 0  @achi
102    @aCN@b110000
105    @ay z 000yy
200 1  @aFPGA/CPLD系统设计与应用开发@AFPGA/CPLD xi tong she ji yu ying yong kai fa@f周淑阁主编
210    @a北京@c电子工业出版社@d2011
215    @a234页@d26cm
300    @a国家“十一五”课题研究成果
330    @a本书共分4章。第1章是绪论;第2章讲述FPGA/CPLD的开发工具,主要是MAX+plus II和Quartus的使用方法;第3章讲述硬件描述语言,主要讲述VHDL的使用方法;第4章讲解FPGA/CPLD系统设计方法、FPGA/CPLD系统设计综合举例。
606 0  @a现场可编程门阵列
606 0  @a可编程序逻辑阵列
610 0  @aFPGA@aCPLD
690    @aTP331.2@v5
690    @aTP211@v5
701  0 @a周淑阁@Azhou shu ge@c(女,@f1944.5~)@4主编
801  0 @aCN@b山东中教@c20231126
905    @aBZT@dTP331.2@e5
    
    FPGA/CPLD系统设计与应用开发/周淑阁主编.-北京:电子工业出版社,2011
    234页;26cm
    国家“十一五”课题研究成果
    
    ISBN 978-7-121-13623-8:CNY29.50
    本书共分4章。第1章是绪论;第2章讲述FPGA/CPLD的开发工具,主要是MAX+plus II和Quartus的使用方法;第3章讲述硬件描述语言,主要讲述VHDL的使用方法;第4章讲解FPGA/CPLD系统设计方法、FPGA/CPLD系统设计综合举例。
●
相关链接 在五车中查询图书 在当当中查询图书 在豆瓣中查询图书


正题名:FPGA/CPLD系统设计与应用开发     索取号:TP331.2/5         预约/预借

序号 登录号 条形码 馆藏地/架位号 状态 备注
1 2001181987   2001181987   中教(第二批第二书库)/山东中教(第二批)/1836/ [索取号:TP331.2/5] 在馆    
2 2001181988   2001181988   中教(第二批第二书库)/山东中教(第二批)/1836/ [索取号:TP331.2/5] 在馆    
3 2001181989   2001181989   中教(第二批第二书库)/山东中教(第二批)/1836/ [索取号:TP331.2/5] 在馆    
4 2001181990   2001181990   中教(第二批第二书库)/山东中教(第二批)/1836/ [索取号:TP331.2/5] 在馆    
5 2001181991   2001181991   中教(第二批第二书库)/山东中教(第二批)/1836/ [索取号:TP331.2/5] 在馆    
6 2001181992   2001181992   中教(第二批第二书库)/山东中教(第二批)/1836/ [索取号:TP331.2/5] 在馆    
7 2001181993   2001181993   中教(第二批第二书库)/山东中教(第二批)/1836/ [索取号:TP331.2/5] 在馆    
8 2001181994   2001181994   中教(第二批第二书库)/山东中教(第二批)/1836/ [索取号:TP331.2/5] 在馆    
9 2001181995   2001181995   中教(第二批第二书库)/山东中教(第二批)/1836/ [索取号:TP331.2/5] 在馆    
10 2001181996   2001181996   中教(第二批第二书库)/山东中教(第二批)/1836/ [索取号:TP331.2/5] 在馆    
11 2001181997   2001181997   中教(第二批第二书库)/山东中教(第二批)/1836/ [索取号:TP331.2/5] 在馆    
12 2001181998   2001181998   中教(第二批第二书库)/山东中教(第二批)/1836/ [索取号:TP331.2/5] 在馆    
13 2001181999   2001181999   中教(第二批第二书库)/山东中教(第二批)/1836/ [索取号:TP331.2/5] 在馆    
14 2001182000   2001182000   中教(第二批第二书库)/山东中教(第二批)/1836/ [索取号:TP331.2/5] 在馆    
15 2001182001   2001182001   中教(第二批第二书库)/山东中教(第二批)/1836/ [索取号:TP331.2/5] 在馆    
16 2001182002   2001182002   中教(第二批第二书库)/山东中教(第二批)/1836/ [索取号:TP331.2/5] 在馆    
17 2001182003   2001182003   中教(第二批第二书库)/山东中教(第二批)/1836/ [索取号:TP331.2/5] 在馆    
18 2001182004   2001182004   中教(第二批第二书库)/山东中教(第二批)/1836/ [索取号:TP331.2/5] 在馆    
19 2001182005   2001182005   中教(第二批第二书库)/山东中教(第二批)/1836/ [索取号:TP331.2/5] 在馆    
20 2001182006   2001182006   中教(第二批第二书库)/山东中教(第二批)/1836/ [索取号:TP331.2/5] 在馆    
21 2001182007   2001182007   中教(第二批第二书库)/山东中教(第二批)/1836/ [索取号:TP331.2/5] 在馆    
22 2001182008   2001182008   中教(第二批第二书库)/山东中教(第二批)/1836/ [索取号:TP331.2/5] 在馆    
23 2001182009   2001182009   中教(第二批第二书库)/山东中教(第二批)/1836/ [索取号:TP331.2/5] 在馆    
24 2001182010   2001182010   中教(第二批第二书库)/山东中教(第二批)/1836/ [索取号:TP331.2/5] 在馆    
25 2001182011   2001182011   中教(第二批第二书库)/山东中教(第二批)/1836/ [索取号:TP331.2/5] 在馆    
26 2001182012   2001182012   中教(第二批第二书库)/山东中教(第二批)/1836/ [索取号:TP331.2/5] 在馆    
27 2001182013   2001182013   中教(第二批第二书库)/山东中教(第二批)/1836/ [索取号:TP331.2/5] 在馆    
28 2001182014   2001182014   中教(第二批第二书库)/山东中教(第二批)/1836/ [索取号:TP331.2/5] 在馆    
29 2001182015   2001182015   中教(第二批第二书库)/山东中教(第二批)/1836/ [索取号:TP331.2/5] 在馆    
30 2001182016   2001182016   中教(第二批第二书库)/山东中教(第二批)/1836/ [索取号:TP331.2/5] 在馆    
山东省滨州职业学院图书馆 欢迎您!
大连网信软件有限公司© 版权所有